Prénoms de réalisateurs français de films - Statistiques

Statistiques générales
  • Ce quiz a été pris 493 fois
  • Le résultat moyen est 19 sur 28
Statistiques - réponses
Nom Prénom % Correct
Renoir - Cocteau - Delannoy Jean
97%
Besson Luc
97%
Boon Dany
95%
Canet Guillaume
95%
Chabrol - Lelouch - Zidi - Autant Lara - Berri Claude
90%
Kassovitz Mathieu
89%
Truffaut François
84%
Demy - Becker - Audiard Jacques
84%
Godard Jean-Luc
84%
Jaoui - Varda Agnès
79%
Mocky - Jeunet - Melville Jean-Pierre
77%
Annaud Jean-Jacques
74%
Audiard Michel
74%
Blier - Tavernier Bertrand
72%
Oury Gérard
68%
Resnais - Jessua Alain
65%
Lautner - Méliès Georges
64%
Leconte Patrice
60%
Rohmer Eric
56%
Veber Francis
55%
Marchal Olivier
53%
Carné Marcel
52%
Gance Abel
44%
Molinaro Edouard
43%
Clement René
39%
Clouzot Henri-Georges
38%
Bresson Robert
33%
Tourneur Maurice
19%
Aucun quiz correspondant
Distribution des résultats
% des personnes avec chaque résultat
Percentile par nombre de réponses
Votre historique - résultats
Vous n’avez pas pris ce quiz